| 000 | 00478nam a2200181Ia 4500 | ||
|---|---|---|---|
| 001 | 24643 | ||
| 005 | 20260414151057.0 | ||
| 008 | 260414t2018||||xx |||||||||||||| ||spa|| | ||
| 041 | _aESP | ||
| 082 |
_a345.721 _bC34L |
||
| 100 |
_aCastillo Freyre, Mario _eAUT |
||
| 245 | 0 |
_aLa ley de arbitraje : _banálisis y comentarios a diez años de su vigencia |
|
| 260 | _c2018 | ||
| 300 |
_a1054 páginas : _c25 cm. |
||
| 650 | _aDER | ||
| 654 | _aCDE | ||
| 942 |
_cLIB _dJUS _fJUS _2ddc _n |
||
| 999 |
_c24643 _d24643 |
||